000 00557nam a22001937a 4500
003 BD-DhJNU
005 20250323055331.0
008 250323b |||||||| |||| 00| 0 eng d
020 _a019517111X
040 _aBD-DhJNU
_bENG
_cBD-DhJNU
_dBD-DhJNU
082 _223
_a305.697091821
100 _aRamadan, Tariq
245 _aWestern muslims and the future of Islam /
_cTariq Ramadan
260 _aNew York :
_bOxford University Press,
_c2004.
300 _ax, 272 p. :
_bill. ;
_c23 cm.
504 _aincludes index
650 _aIslam
942 _2ddc
_cBK
_n0
999 _c1527
_d1527